Ley Orgánica del Servicio Exterior Mexicano /

Obra que contiene la Ley Orgánica del Servicio Exterior Mexicano de 1982, que abroga la Ley Orgánica de los Cuerpos Diplomáticos y Consular Mexicanos, expedida en 1934, y su Reglamento del mismo año. Actualmente esta Ley también ha sido derogada por la vigente Ley del Servicio Exterior Mexicano publ...

Повний опис

Збережено в:
Бібліографічні деталі
Співавтор: México
Формат: Книга
Мова:Іспанська
Опубліковано: México : Secretaría de Relaciones Exteriores, 1990, c1982
Предмети:
Теги: Додати тег
Немає тегів, Будьте першим, хто поставить тег для цього запису!

MARC

LEADER 00000nam^a2200000^a^4500
001 000183853
005 20250521000000.0
009 20260310102054.838
020 |a 968-810-026-9 
037 |a Acervo ITESO - Biblioteca 
041 |a ESP 
082 |a 341. 33  |b MEX 1982 
110 |a México 
240 1 1 |a [Ley Orgánica del Servicio Exterior Mexicano] 
245 1 0 |a Ley Orgánica del Servicio Exterior Mexicano / 
264 4 |a México :  |b Secretaría de Relaciones Exteriores,  |c 1990, c1982 
300 |a 80 p. 
336 |a texto  |b txt  |2 rdacontenido 
337 |a sin mediación  |b n  |2 rdamedio 
338 |a volumen  |b nc  |2 rdasoporte 
520 |a Obra que contiene la Ley Orgánica del Servicio Exterior Mexicano de 1982, que abroga la Ley Orgánica de los Cuerpos Diplomáticos y Consular Mexicanos, expedida en 1934, y su Reglamento del mismo año. Actualmente esta Ley también ha sido derogada por la vigente Ley del Servicio Exterior Mexicano publicada en 1994 en el Diario Oficial de la Federación. 
649 |a XX 
650 |a Derecho Diplomático -  |z México -  |x Leyes y Reglamentos 
650 |a Derecho Diplomático -  |z México -  |x Leyes y Reglamentos 
650 |a Derecho Internacional Público 
740 |a Reglamento de la Ley Orgánica del Servicio Exterior Mexicano / 
910 |a Fondo General 
920 |a Impresos - Libros 
930 |a Colección General 
905 |a 101 
901 |a 0500124489  |b IT1  |c ACC  |u 20250521 
902 |a https://opac.biblio.iteso.mx/vufind/Record/000183853